[Event "1st MGU Open"]
[Site "Sofia BUL"]
[Date "2010.02.07"]
[Round "4"]
[White "Filev,G"]
[Black "Petrov,Pl"]
[Result "1-0"]
[WhiteElo "2389"]
[BlackElo "1868"]

1.e4 e6 2.d4 d5 3.Nc3 Nf6 4.e5 Nfd7 5.f4 a6 6.Nf3 c5 7.Be3 b5 8.a3 Nc6 9.Qd2 Be7
10.Be2 O-O 11.O-O f6 12.exf6 Bxf6 13.dxc5 Bb7 14.Rad1 Qe7 15.b4 Kh8 16.Nd4 Nd8
17.Rde1 g6 18.Bf2 Rc8 19.Bg4  1-0

[Event "TCh-NED 2009-10"]
[Site "Netherlands NED"]
[Date "2010.02.13"]
[Round "5"]
[White "Nijboer,F"]
[Black "Groffen,H"]
[Result "1-0"]
[WhiteElo "2540"]
[BlackElo "2189"]

1.e4 e6 2.d4 d5 3.Nc3 Nf6 4.e5 Nfd7 5.f4 c5 6.Nf3 Nc6 7.Be3 a6 8.Qd2 b5 9.Be2 Bb7
10.O-O Qc7 11.Kh1 O-O-O 12.Nd1 g5 13.c3 cxd4 14.cxd4 Bb4 15.Nc3 f6 16.exf6 Nxf6
17.Nxg5 Qe7 18.Bf3 h6 19.Nh3 Ne4 20.Qd3 Nd6 21.a4 Bxc3 22.bxc3 bxa4 23.Rxa4 Nc4
24.Rxc4 dxc4 25.Qxc4 Qc7 26.Qxe6+ Kb8 27.f5 Ka8 28.Bf4 Qd7 29.d5 Ne7 30.c4 Nxf5
31.Qb6 Nd6 32.Ra1 Rhe8 33.c5 Qb5 34.Qxb5 Nxb5 35.c6 Bc8 36.d6 Rxd6 37.Bxd6 Nxd6
38.Nf4 Ka7 39.Kg1 Re5 40.Rd1 Nb5 41.Rd8 Bf5 42.Rd7+ Kb6 43.Rb7+ Ka5 44.Nd5 Nd4
45.Ne7 Nxf3+ 46.gxf3 Bh3 47.Kf2 Rc5 48.Kg3 Be6 49.Kf4 Ka4 50.Ke4 a5 51.c7 Bd7
52.f4 Rc2 53.Kd3 Rf2 54.Ke3 Rxh2 55.c8=Q Bxc8 56.Nxc8 Rh1 57.Nd6 h5 58.Ne4 h4
59.Nc5+ Ka3 60.Rb3+ Ka2 61.Rb5 Rh3+ 62.Kf2 Ra3 63.f5 h3 64.Rb3 Rxb3 65.Nxb3 a4
66.Nd2 Kb2 67.f6  1-0

[Event "Cotroceni Women"]
[Site "Bucharest ROU"]
[Date "2010.02.14"]
[Round "5"]
[White "Peptan,C"]
[Black "Repkova,E"]
[Result "1-0"]
[WhiteElo "2411"]
[BlackElo "2434"]

1.e4 e6 2.d4 d5 3.Nc3 Nf6 4.e5 Nfd7 5.f4 c5 6.Nf3 Nc6 7.Be3 cxd4 8.Nxd4 Bc5
9.Qd2 O-O 10.O-O-O a6 11.Kb1 Qc7 12.h4 Nxd4 13.Bxd4 b5 14.Rh3 Bb7 15.Ne2 b4
16.Bxc5 Qxc5 17.Qe3 Rac8 18.Nd4 Nb6 19.Rg3 f5 20.Rxg7+  1-0

[Event "Open"]
[Site "Novy Bor CZE"]
[Date "2010.02.15"]
[Round "3"]
[White "Strzelczyk,A"]
[Black "Jinova,L"]
[Result "0-1"]
[WhiteElo "1910"]
[BlackElo "2149"]

1.e4 e6 2.d4 d5 3.Nc3 Nf6 4.e5 Nfd7 5.f4 c5 6.Nf3 Nc6 7.Be3 cxd4 8.Nxd4 Bc5
9.Qd2 a6 10.O-O-O Qc7 11.h4 b5 12.Nxc6 Qxc6 13.Rh3 Bb7 14.Ne2 Nb6 15.Bxc5 Qxc5
16.Nd4 O-O-O 17.Qc3 Nc4 18.a3 Kb8 19.Qb4 Rc8 20.Qxc5 Rxc5 21.Rg3 g6 22.Rc3 Rhc8
23.g3 R5c7 24.g4 Re8 25.g5 h6 26.Rh3 Rh8 27.Rdd3 h5 28.Rc3 Rhc8 29.Rhg3 Ka7
30.Rb3 Na5 31.Rbe3 Nc6 32.Nxc6+ Rxc6 33.Bd3 Kb6 34.Kd1 a5 35.b4 Rc3 36.bxa5+ Kxa5
37.Kc1 Rxa3 38.Kb2 Rac3 39.Re1 d4 40.Rgg1 Bd5 41.Ra1+ Kb6 42.Rgc1 Bc4 43.Be4 Re3
44.Bg2 Re2 45.Ra8 Rxa8 46.Bxa8 Rf2 47.Be4 Rxf4 48.Bg2 Rxh4 49.Bf1 Rh1  0-1

[Event "Angora GM Schev"]
[Site "Ankara TUR"]
[Date "2010.02.24"]
[Round "5"]
[White "Firat,B"]
[Black "Gofshtein,L"]
[Result "0-1"]
[WhiteElo "2413"]
[BlackElo "2540"]

1.e4 e6 2.d4 d5 3.Nc3 Nf6 4.e5 Nfd7 5.f4 c5 6.Nf3 Nc6 7.Be3 Be7 8.Qd2 O-O
9.Be2 b6 10.O-O f6 11.Nd1 cxd4 12.Nxd4 Nxd4 13.Bxd4 fxe5 14.fxe5 Rxf1+ 15.Bxf1 Bc5
16.Nf2 Qc7 17.Bxc5 bxc5 18.Re1 Bb7 19.Qg5 Rf8 20.Ng4 c4 21.b3 Nc5 22.bxc4 Ne4
23.Qh4 Qc5+ 24.Kh1 Qd4 25.h3 h5 26.c3 Qxc3 27.Rb1 hxg4  0-1

[Event "18th Fajr Open"]
[Site "Mashhad IRI"]
[Date "2010.02.27"]
[Round "11"]
[White "Isaev,J"]
[Black "Doostkam,P"]
[Result "1/2-1/2"]
[WhiteElo "2394"]
[BlackElo "2165"]

1.e4 e6 2.d4 d5 3.Nc3 Nf6 4.e5 Nfd7 5.f4 c5 6.Nf3 Nc6 7.Be3 Be7 8.Qd2 O-O
9.O-O-O c4 10.f5 b5 11.f6 gxf6 12.Bh6 Re8 13.Nxb5 fxe5 14.dxe5 Ncxe5 15.h4 Qb6
16.a4 a6 17.Nxe5 Nxe5 18.Qe1 Ng4 19.a5 Qxb5 20.Qg3 f5 21.Be2 e5 22.Bxg4 fxg4
23.Qxe5 Bf8 24.Qg5+ Kh8 25.Qf6+ Kg8 26.Qg5+ Kh8 27.Bxf8 Rxf8 28.Rxd5 Qe8
29.h5 Qf7 30.h6 Be6 31.Rd6 Rae8 32.Re1 Bc8 33.Rxe8 Rxe8 34.Rd8 Qf1+ 35.Rd1 Qf7
36.Kb1 Be6 37.Rd6 Qf8 38.Rxa6 c3 39.b3 Bxb3 40.Qg7+ Qxg7 41.hxg7+ Kxg7 42.cxb3 Re2
43.Rc6 Rb2+ 44.Kc1 Rxb3 45.Rc4 Ra3 46.Rxg4+ Kf6 47.Rh4 Kg6 48.Rg4+ Kf6 49.Rh4 Rxa5
50.Rxh7 Ra1+ 51.Kc2 Ra2+  1/2-1/2

[Event "3rd Inv FIDE MN"]
[Site "Saint Paul USA"]
[Date "2010.02.28"]
[Round "4"]
[White "Purcell,B"]
[Black "Mattson,D"]
[Result "1-0"]
[WhiteElo "1997"]
[BlackElo "2080"]

1.e4 e6 2.d4 d5 3.Nc3 Nf6 4.e5 Nfd7 5.f4 c5 6.Nf3 Nc6 7.Be3 a6 8.Qd2 b5 9.dxc5 Bxc5
10.Bxc5 Nxc5 11.Qf2 Qb6 12.Bd3 b4 13.Ne2 Na4 14.b3 Qxf2+ 15.Kxf2 Nc5 16.Ke3 O-O
17.Ned4 Bb7 18.Nxc6 Bxc6 19.Kd4 Nd7 20.c3 f6 21.Rhf1 bxc3 22.Rac1 Bb5 23.Rxc3 Bxd3
24.Rxd3 Rac8 25.exf6 gxf6 26.Rc3 e5+ 27.fxe5 Rxc3 28.Kxc3 fxe5 29.Kb4 Rb8+
30.Ka5 Nc5 31.a4 e4 32.Ne5 Nxb3+ 33.Kxa6 Nc5+ 34.Ka7 Rb7+ 35.Ka8 Re7 36.Ng4 Kg7
37.Ne3 Rd7 38.Rf5 Nxa4 39.Rg5+ Kf8 40.Rf5+ Ke8 41.Re5+ Kd8 42.Nxd5 Nb2 43.Nf6 Rd2
44.Kb7  1-0

[Event "3rd MGU Open"]
[Site "Sofia BUL"]
[Date "2010.02.28"]
[Round "6"]
[White "Spassov,B"]
[Black "Stanchev,P"]
[Result "0-1"]
[WhiteElo "1728"]
[BlackElo "1853"]

1.e4 e6 2.d4 d5 3.Nc3 Nf6 4.e5 Nfd7 5.f4 a6 6.Nf3 c5 7.Be3 Qb6 8.Na4 Qa5+
9.c3 cxd4 10.b4 Qc7 11.Bxd4 Nc6 12.Bf2 f6 13.exf6 Nxf6 14.Nb6 Rb8 15.Qc1 Bd6
16.g3 Ne4 17.Be3 O-O 18.Bh3 Nxc3 19.Bc5 Ne4 20.O-O Nxb4 21.Be3 Qe7 22.Nd4 Kh8
23.Qb2 Nd3 24.Qb3 Ndc5 25.Qb2 Bd7 26.Nxd7 Qxd7 27.Rab1 Qe7 28.Nf3 Nd7 29.Bd4 Bc5
30.Kg2 Bxd4 31.Nxd4 Ndc5 32.Qb6 Nd2 33.Nxe6 Nxe6 34.Rfe1 Nxb1 35.Rxe6 Qa3
36.Qxb1 b5 37.Re5 d4  0-1

[Event "FSGM March"]
[Site "Budapest HUN"]
[Date "2010.03.07"]
[Round "2"]
[White "Sharma,Di"]
[Black "Yu Lie"]
[Result "1/2-1/2"]
[WhiteElo "2361"]
[BlackElo "2407"]

1.e4 e6 2.d4 d5 3.Nc3 Nf6 4.e5 Nfd7 5.f4 c5 6.Nf3 Nc6 7.Be3 Be7 8.Qd2 O-O
9.Be2 cxd4 10.Nxd4 Nxd4 11.Bxd4 Nb8 12.O-O Nc6 13.Bf2 Qa5 14.a3 Bd7 15.Bd3 Rac8
16.b4 Qd8 17.Ne2 a6 18.Rfd1 f6 19.exf6 Bxf6 20.Rab1 Ne7 21.Nd4  1/2-1/2

[Event "26th Budapest Spring Festival"]
[Site "Budapest HUN"]
[Date "2010.03.19"]
[Round "1"]
[White "Kantor,G"]
[Black "Juhasz,Kr"]
[Result "1/2-1/2"]
[WhiteElo "2010"]
[BlackElo "2274"]

1.d4 e6 2.e4 d5 3.Nc3 Nf6 4.e5 Nfd7 5.Nf3 c5 6.dxc5 Bxc5 7.Bd3 Nc6 8.Bf4 f6
9.exf6 Nxf6 10.O-O O-O 11.Bg3 Bd7 12.Re1 a6 13.a3 b5 14.Qd2 Rc8 15.Re2 Qb6
16.Rae1 Nd4 17.Nxd4 Bxd4 18.Nd1 Bc5 19.h3 b4 20.axb4 Bxb4 21.c3 Bd6 22.Bxd6 Qxd6
23.Qg5 a5 24.Re3 Rce8 25.Re5 Kh8 26.Qh4 Re7 27.Qd4 Kg8 28.Ne3 Ree8 29.Nc4 Qc7
30.Nb6 Kf7 31.Nxd7 Qxd7 32.Qc5 Qd8 33.Qc6 Qd7 34.Qc5 Qd8 35.Qa7+ Re7 36.Qa6 Qc8
37.Qxa5 Qb7 38.Qa3 Ra8 39.Qd6 Ne8 40.Qc5 Qxb2  1/2-1/2

[Event "26th Budapest Spring Festival"]
[Site "Budapest HUN"]
[Date "2010.03.23"]
[Round "4"]
[White "Bea,B"]
[Black "Arsenault,N"]
[Result "0-1"]
[WhiteElo "1982"]
[BlackElo "2153"]

1.e4 e6 2.d4 d5 3.Nc3 Nf6 4.e5 Nfd7 5.f4 c5 6.Nf3 Nc6 7.Be3 cxd4 8.Nxd4 Bc5
9.Qd2 O-O 10.g3 a6 11.Bg2 Qc7 12.O-O Ne7 13.Nce2 b5 14.b3 Rb8 15.a4 bxa4
16.Rxa4 Ba7 17.Ra2 Nc5 18.Nc3 Rd8 19.Rfa1 Bb6 20.b4 Ne4 21.Nxe4 dxe4 22.Bxe4 Nd5
23.Bxd5 Rxd5 24.c3 Bb7 25.Rxa6 Bxa6 26.Rxa6 Qb7 27.Ra3 Rdd8 28.Qg2 Qc7 29.Qa2 Qb7
30.Qg2 Qc7 31.Qa2 h6 32.Qb2 Ra8 33.Bf2 Rxa3 34.Qxa3 Qb7 35.Qb2 Qd5 36.Qc2 Bxd4
37.cxd4 Ra8 38.Qc3 Ra2 39.h3 Qa8 40.b5 Qe4 41.Qe1 Re2 42.Qc1 Qf3 43.Qf1 Rb2
44.Qg2 Qe2 45.Qf1 Qc2 46.Qg2 Rxb5 47.g4 Rb1+ 48.Kh2 Rb2 49.Kg3 g5 50.f5 exf5
51.gxf5 Rb3+ 52.Kh2 Qxf5 53.Bg3 Rc3 54.Bf2 Rc2 55.Kg1 Kh7 56.Qg3 Rd2 57.Kg2 Kg6
58.Qf3 Rd3 59.Be3 Qxf3+ 60.Kxf3 Kf5 61.h4 gxh4 62.Ke2 Ke4 63.Bxh6 Kxd4 64.Bf4 Ke4
65.Bg5 h3 66.Kf2 Kxe5 67.Bh4 Kf5 68.Kg1 Rd2  0-1

[Event "26th Budapest Spring Festival"]
[Site "Budapest HUN"]
[Date "2010.03.27"]
[Round "8"]
[White "Korpa,B"]
[Black "Kabai,Z"]
[Result "1-0"]
[WhiteElo "2158"]
[BlackElo "2067"]

1.e4 e6 2.d4 d5 3.Nc3 Nf6 4.e5 Nfd7 5.f4 c5 6.Nf3 Nc6 7.Be3 Be7 8.Be2 O-O
9.O-O a6 10.Qd2 b5 11.a3 Qb6 12.Rad1 Bb7 13.Kh1 cxd4 14.Nxd4 Bc5 15.Rf3 Nxd4
16.Bxd4 Bxd4 17.Qxd4 Qxd4 18.Rxd4 f5 19.exf6 gxf6 20.Rd1 Nb6 21.Rg3+ Kh8
22.Re3 Rae8 23.Bh5 Re7 24.b3 e5 25.Ne2 Rg7 26.Rg3 Rxg3 27.Nxg3 Bc8 28.Re1 exf4
29.Ne2 Bf5 30.Nd4 Be4 31.Rf1 Rg8 32.Rf2 Rg5 33.Bd1 Nd7 34.Kg1 Nc5 35.Bf3 Re5
36.Bg4 Rg5 37.Rxf4 h5 38.Bh3 Rg6 39.Rf2 Kg7 40.Bc8 a5 41.Nxb5 Kf8 42.Nc3 Kf7
43.Nxe4 dxe4 44.Rf5 Rg5 45.Rxg5 fxg5 46.Kf2 Kf6 47.Ke3 Ke5 48.g4 hxg4 49.Bxg4 Na6
50.c4 Nc5 51.Bd1 Ne6 52.Bc2 Nd4 53.Bxe4 Nxb3 54.Bd5 Nd4 55.Kd3 Nb3 56.Bg2 Nc5+
57.Ke3 Nb3 58.Bf1 Nd4 59.Bd3 Ne6 60.Be4 Nc5 61.Bd5 Nd7 62.Bb7 Nc5 63.Bc8 Nb3
64.Bb7 Nc5 65.Bd5 Nd7 66.Bf7 Nc5 67.Bg8 Nd7 68.Bd5 Nf6 69.Kf3 Nd7 70.Kg4 Kf6
71.Kh5  1-0

[Event "TCh-NED 2009-10"]
[Site "Netherlands NED"]
[Date "2010.03.27"]
[Round "8"]
[White "Michielsen,J"]
[Black "Span,P"]
[Result "1/2-1/2"]
[WhiteElo "2373"]
[BlackElo "2315"]

1.e4 e6 2.d4 d5 3.Nc3 Nf6 4.e5 Nfd7 5.Nce2 c5 6.c3 Nc6 7.f4 Qb6 8.Nf3 f6
9.g3 cxd4 10.cxd4 Bb4+ 11.Nc3 fxe5 12.fxe5 O-O 13.Bf4 Be7 14.Rb1 g5 15.Nxg5 Bxg5
16.Qg4 Nxd4 17.Qxg5+ Kh8 18.Qh5 Rf5 19.Qe8+ Rf8 20.Qh5 Rf5 21.Qe8+ Rf8  1/2-1/2

[Event "22nd Kreuz-Open"]
[Site "Lenk SUI"]
[Date "2010.04.01"]
[Round "1"]
[White "Heinatz,M"]
[Black "Kolly,J"]
[Result "0-1"]
[WhiteElo "1917"]
[BlackElo "2295"]

1.e4 e6 2.d4 d5 3.Nc3 Nf6 4.e5 Nfd7 5.f4 c5 6.Nf3 Nc6 7.Be3 cxd4 8.Nxd4 Bc5
9.Qd2 a6 10.Be2 Nxd4 11.Bxd4 b5 12.Bxc5 Nxc5 13.Qd4 Qe7 14.O-O O-O 15.a4 bxa4
16.Nxa4 Ne4 17.Bd3 Bb7 18.Ra3 Rac8 19.Rfa1 f5 20.Rb3 Rc7 21.Rb6 g5 22.fxg5 Nxg5
23.Nc3 Qg7 24.Kh1 Kh8 25.Ne2 Rg8 26.Nf4 Bc8 27.c3 Ne4 28.Re1 Qh6 29.Bxe4 dxe4
30.Qf2 Rcg7 31.Re3 Rg4 32.g3 Qg7 33.Nxe6 Qxe5 34.Nf4 Rd8 35.Re1 Rg7 36.Rc6 Rc7
37.Qb6 Rcd7 38.Rh6 Kg8 39.Qe6+ Qxe6 40.Nxe6 Rd1 41.Nxd8 Rxe1+ 42.Kg2 Re2+
43.Kf1 Rxb2 44.Nc6 Kg7 45.Rd6 Rc2 46.Rd8 Be6  0-1

[Event "ch-WLS"]
[Site "Cardiff WLS"]
[Date "2010.04.04"]
[Round "5"]
[White "Jones,RS"]
[Black "Spice,A"]
[Result "1-0"]
[WhiteElo "2332"]
[BlackElo "2169"]

1.e4 e6 2.d4 d5 3.Nc3 Nf6 4.e5 Nfd7 5.f4 c5 6.Nce2 Nc6 7.Nf3 Be7 8.c3 f5
9.Be3 O-O 10.h3 b6 11.g4 g6 12.gxf5 gxf5 13.Rg1+ Kh8 14.Ng5 Ndb8 15.Ng3 Qe8
16.Be2 Bxg5 17.fxg5 f4 18.Nh5 fxe3 19.Nf6 Qe7 20.Bd3 Ba6 21.g6 Rxf6 22.g7+  1-0

[Event "17th TCh-RUS Higher League"]
[Site "Dagomys RUS"]
[Date "2010.04.06"]
[Round "5"]
[White "Kokarev,Dm"]
[Black "Filippov,An UZB"]
[Result "0-1"]
[WhiteElo "2622"]
[BlackElo "2598"]

1.e4 e6 2.d4 d5 3.Nc3 Nf6 4.e5 Nfd7 5.f4 c5 6.Nf3 Nc6 7.Be3 Qb6 8.Na4 Qa5+
9.c3 cxd4 10.b4 Nxb4 11.cxb4 Bxb4+ 12.Bd2 Bxd2+ 13.Nxd2 O-O 14.Be2 d3 15.Bxd3 Qb4
16.Qc2 Qxf4 17.Bxh7+ Kh8 18.Bd3 Qxe5+ 19.Kf2 Qd4+ 20.Ke2 Ne5 21.Nf3 Qg4 22.Rhf1 Nxd3
23.Kxd3 e5 24.Kd2 Bf5 25.Qb3 Rac8 26.Nc3 Qxg2+ 27.Ke1 Bd3  0-1

[Event "Final Four of College Chess"]
[Site "Brownsville USA"]
[Date "2010.04.10"]
[Round "2"]
[White "Kritz,L"]
[Black "Kuljasevic,D"]
[Result "1-0"]
[WhiteElo "2616"]
[BlackElo "2552"]

1.e4 e6 2.d4 d5 3.Nc3 Nf6 4.e5 Nfd7 5.f4 c5 6.Nf3 Nc6 7.Be3 cxd4 8.Nxd4 Qb6
9.a3 Bc5 10.Ncb5 Nxd4 11.Bxd4 O-O 12.b4 Bxd4 13.Qxd4 Qxd4 14.Nxd4 a5 15.Rb1 axb4
16.axb4 Nb6 17.Bd3 Bd7 18.Ke2 Ra4 19.Nb3 Rxb4 20.Nc5 Rxb1 21.Rxb1 Na4 22.Nxd7 Nc3+
23.Ke3 Nxb1 24.Bxh7+ Kxh7 25.Nxf8+ Kg8 26.Nd7 Na3 27.Kd3 Nc4 28.g4 Nb2+ 29.Kd4 Nd1
30.Nc5 Nf2 31.g5 b6 32.Na4 b5 33.Nc3 b4 34.Na2 Kh7 35.f5 exf5 36.h4 f4 37.Nxb4 f3
38.Nxd5 Ng4 39.Ne3 f2 40.Nf1 Kg6 41.Ke4 f6 42.e6 fxg5 43.hxg5 Kxg5 44.e7 Nf6+
45.Ke5 Kg6 46.Ke6  1-0

[Event "Open"]
[Site "Bar MNE"]
[Date "2010.04.20"]
[Round "5"]
[White "Stojanovic,Da"]
[Black "Draganic,V"]
[Result "0-1"]
[WhiteElo "2481"]
[BlackElo "2268"]

1.e4 e6 2.d4 d5 3.Nc3 Nf6 4.e5 Nfd7 5.f4 c5 6.Nf3 Nc6 7.Be3 Be7 8.Qd2 O-O
9.g3 Rb8 10.Bg2 b5 11.O-O b4 12.Nd1 Ba6 13.Re1 Qb6 14.Bf2 c4 15.b3 c3 16.Qc1 Bb5
17.f5 exf5 18.Ne3 Qd8 19.a4 bxa3 20.Nxd5 Nb4 21.Nxc3 Bc6 22.Qd2 Nb6 23.Na2 Nxa2
24.Rxa2 Nd5 25.Rc1 Bb4 26.c3 Nxc3 27.Rxc3 Bxf3 28.Bxf3 Qa5 29.Be1 Bxc3 30.Qxc3 Qxc3
31.Bxc3 Rxb3  0-1

[Event "ch-SRB"]
[Site "Kragujevac SRB"]
[Date "2010.04.21"]
[Round "4"]
[White "Govedarica,R"]
[Black "Tadic,Br"]
[Result "0-1"]
[WhiteElo "2395"]
[BlackElo "2524"]

1.e4 e6 2.d4 d5 3.Nc3 Nf6 4.e5 Nfd7 5.f4 c5 6.Nf3 Nc6 7.Be3 Qb6 8.a3 cxd4
9.Nxd4 Nxd4 10.Bxd4 Bc5 11.Na4 Qa5+ 12.b4 Qxa4 13.bxc5 b6 14.cxb6 axb6 15.h4 Ba6
16.Bxa6 Rxa6 17.Rh3 Nc5 18.h5 Ne4 19.h6 gxh6 20.Rb3 Rg8 21.Rb4 Qd7 22.Qe2 Ra4
23.g4 Kf8 24.Bb2 Rxb4 25.axb4 Qe7 26.O-O-O Qh4 27.Qa6 Rxg4 28.Qxb6 Rg2 29.Bd4 Qxf4+
30.Kb2 Kg7 31.Be3 Qh2 32.Rg1 Rxg1 33.Bxg1 Qg2 34.Qe3 Qf1 35.Bh2 Qc4 36.c3 h5
37.Bg1 Qf1 38.Kb3 h4 39.Bh2 h3 40.Ka4 Qg2 41.Qf4 Qc2+ 42.Ka5 Qxc3 43.Ka4 Kf8
44.Ka5 Ke8 45.Ka4 Qc6+ 46.Ka3 Qa6+  0-1

[Event "ch-SRB w"]
[Site "Pancevo SRB"]
[Date "2010.04.22"]
[Round "3"]
[White "Miladinovic,L"]
[Black "Benderac,A"]
[Result "0-1"]
[WhiteElo "2038"]
[BlackElo "2299"]

1.e4 e6 2.d4 d5 3.Nc3 Nf6 4.e5 Nfd7 5.f4 c5 6.Nf3 Nc6 7.Be3 a6 8.Qd2 b5 9.dxc5 Bxc5
10.Bxc5 Nxc5 11.Nd4 Nxd4 12.Qxd4 Qc7 13.Bd3 b4 14.Qxb4 Rb8 15.Qd4 Rxb2 16.O-O Nxd3
17.Qxd3 Rb4 18.Ne2 Bd7 19.Qd2 Qc5+ 20.Kh1 O-O 21.c3 Rc4 22.Rf3 Rb8 23.Rh3 Qa3
24.Qd3 g6 25.Qg3 Qb2 26.Re1 Re4 27.Ng1 Rxe1 28.Qxe1 d4 29.Qh4 h5 30.cxd4 Bc6
31.Qg5 Qxa2 32.Rc3 Qd5 33.f5 exf5 34.Rc5 Qe4 35.Rc1 f4 36.h3 Bd5 37.Nf3 a5
38.Re1 Qf5 39.Qxf5 gxf5 40.Ra1 Ra8 41.Ne1 a4 42.Nd3 a3 43.Nb4 Bc4 44.d5 Kf8
45.d6 Ke8 46.Kg1 a2 47.Kf2 Rb8 48.Nxa2 Rb2+ 49.Kf3 Rxa2 50.Rxa2 Bxa2 51.Kxf4 Bd5
52.g3 h4 53.gxh4 Be6 54.Kg5 Kf8 55.Kf4 Kg7 56.Kg5 Kh7 57.h5 Kg7 58.h6+ Kh7
59.h4 Kg8 60.Kf4 Kh8 61.Kg5 Kh7 62.h5 Kg8 63.Kf4 Kh8 64.Kg5 Kh7 65.Kf4 Kxh6
66.Kf3 Kxh5 67.Kf4 Kh4 68.Kf3 Kg5 69.Ke3 Bd7 70.Kf3 Bc6+ 71.Kf2 Kf4 72.Kf1 Kxe5  0-1

[Event "7th Balagne Open"]
[Site "Calvi FRA"]
[Date "2010.04.30"]
[Round "8"]
[White "Debray,C"]
[Black "Battaglini,G"]
[Result "0-1"]
[WhiteElo "2357"]
[BlackElo "2417"]

1.e4 e6 2.d4 d5 3.Nc3 Nf6 4.e5 Nfd7 5.f4 c5 6.Nf3 Nc6 7.Be3 cxd4 8.Nxd4 Bb4
9.Be2 Qa5 10.O-O Bxc3 11.bxc3 Qxc3 12.Rf3 Nxd4 13.Bxd4 Qc7 14.Rc3 Qd8 15.f5 exf5
16.Qf1 O-O 17.Qxf5 Nc5 18.Qh5 Ne4 19.Re3 b6 20.c4 Bb7 21.Rd1 g6 22.Qh3 Qg5
23.Qd7 Nc5 24.Qh3 dxc4 25.Rg3 Qf4 26.Rg4 Qf5 27.Rf1 Qc2 28.Bxc4 Bxg2 29.Qh6 Qxc4
30.Kxg2 Qe2+ 31.Kg3 Qxf1 32.e6 Qd3+ 33.Kg2 f6 34.Rh4 g5 35.Bxf6 Nxe6 36.Rd4 Qg6  0-1

[Event "TCh-ISR"]
[Site "Israel ISR"]
[Date "2010.05.07"]
[Round "9"]
[White "Haimovich,T"]
[Black "Bruk,O"]
[Result "1/2-1/2"]
[WhiteElo "2421"]
[BlackElo "2449"]

1.e4 e6 2.d4 d5 3.Nc3 Nf6 4.e5 Nfd7 5.f4 c5 6.Nf3 Nc6 7.Be3 a6 8.Qd2 b5 9.a3 cxd4
10.Nxd4 Nxd4 11.Bxd4 Bc5 12.Bxc5 Nxc5 13.Qf2 Qb6 14.b4 Nd7 15.Bd3 Qxf2+ 16.Kxf2 Nb6
17.a4 d4 18.a5 dxc3 19.axb6 Bb7 20.Ra3 Rc8 21.Re1 Rc6 22.Be4 Rxb6 23.Rxc3 O-O
24.Bxb7 Rxb7 25.Rc6 Ra7 26.Ra1 h5 27.Ke3 Rfa8 28.Rc5 Kh7 29.Ra3 Kg6 30.Ke4 a5
31.Rxb5 axb4 32.Rxa7 Rxa7 33.Rxb4 Ra2 34.Rc4 Ra1 35.Rc7 Rh1 36.h3 h4 37.Kf3 Rf1+
38.Ke3 Rg1 39.Kf2 Rc1 40.Ke2 Rg1 41.Kf2 Rc1 42.g4 hxg3+ 43.Kxg3 f6 44.exf6 gxf6
45.Rc5 e5 46.fxe5 fxe5 47.Rc8 Kf5 48.h4 Rg1+ 49.Kf3 Rf1+ 50.Ke3 Rh1 51.Rf8+ Ke6
52.Rh8 Rh3+ 53.Kd2 Rh2+ 54.Kd3 e4+ 55.Kc3 e3 56.Re8+ Kd5 57.Rxe3 Rxh4 58.Kb3 Kc6
59.Re6+ Kb7 60.c4 Rh5 61.Kb4 Kc7 62.Rg6 Kb7 63.Rg7+ Kc6 64.Rg4 Kb6 65.Rf4 Rg5
66.Re4 Rh5 67.Re6+ Kc7  1/2-1/2

[Event "ch-Commonwealth"]
[Site "Delhi IND"]
[Date "2010.05.12"]
[Round "5"]
[White "Grover,S"]
[Black "Sahoo,U"]
[Result "1-0"]
[WhiteElo "2416"]
[BlackElo "2231"]

1.e4 e6 2.d4 d5 3.Nc3 Nf6 4.e5 Nfd7 5.f4 c5 6.Nf3 Nc6 7.Ne2 b5 8.a3 Qb6 9.c3 b4
10.axb4 cxb4 11.f5 Be7 12.Nf4 Nf8 13.Bd3 Bb7 14.O-O O-O-O 15.Qe2 Kb8 16.Be3 Bc8
17.c4 g5 18.f6 gxf4 19.fxe7 Nxe7 20.c5 Qc7 21.Bxf4 Nc6 22.Bb5 Bb7 23.Ra4 f5
24.exf6 Qxf4 25.Bxc6 Bxc6 26.Rxb4+ Ka8 27.Ne5 Qe4 28.Qa6 Qe3+ 29.Kh1  1-0

[Event "TCh-UKR Clubs"]
[Site "Alushta UKR"]
[Date "2010.05.13"]
[Round "1"]
[White "Dhillon,J"]
[Black "Polivanov,A"]
[Result "0-1"]
[WhiteElo "1948"]
[BlackElo "2381"]

1.e4 e6 2.d4 d5 3.Nc3 Nf6 4.e5 Nfd7 5.f4 c5 6.Nf3 Nc6 7.Be3 a6 8.Qd2 b5 9.dxc5 b4
10.Ne2 Nxc5 11.Ned4 Nxd4 12.Bxd4 Be7 13.Qe3 Qc7 14.Be2 O-O 15.O-O a5 16.g4 Bd7
17.Nd2 Rac8 18.Rac1 f5 19.c4 dxc4 20.Nxc4 Qd8 21.g5 Ne4 22.Bb6 Qe8 23.Nxa5 Rxc1
24.Rxc1 h6 25.gxh6 Qg6+ 26.Kh1 Qxh6 27.Rc7 Bd8 28.Rxd7 Bxb6 29.Qxb6 Ng3+
30.Kg2 Nxe2 31.Qf2 Nxf4+ 32.Kh1 Nd5 33.Nb3 Rc8 34.Rd6 Qh5 35.Nc5 Rxc5 36.Qxc5 Qf3+
37.Kg1 Ne3  0-1

[Event "TCh-UKR Clubs"]
[Site "Alushta UKR"]
[Date "2010.05.16"]
[Round "6"]
[White "Kostromin,M"]
[Black "Polivanov,A"]
[Result "1-0"]
[WhiteElo "2371"]
[BlackElo "2381"]

1.e4 e6 2.d4 d5 3.Nc3 Nf6 4.e5 Nfd7 5.f4 c5 6.Nf3 Nc6 7.Be3 a6 8.Qd2 b5 9.dxc5 b4
10.Na4 Qa5 11.Nb6 Rb8 12.Nxd7 Bxd7 13.Bd3 Bxc5 14.Bxc5 Qxc5 15.Qf2 Qxf2+
16.Kxf2 a5 17.Ke3 f6 18.h4 O-O 19.Raf1 a4 20.h5 Ra8 21.a3 Rab8 22.g3 h6 23.Rhg1 bxa3
24.bxa3 Rb2 25.g4 Ra2 26.exf6 gxf6 27.g5 hxg5 28.fxg5 f5 29.Kf4 Rxa3 30.g6 Kg7
31.h6+ Kxh6 32.g7 Rg8 33.Rg5 e5+ 34.Nxe5  1-0

[Event "4th All China Games Rapid"]
[Site "Hefei CHN"]
[Date "2010.05.18"]
[Round "6"]
[White "Gao Rui"]
[Black "Ding Liren"]
[Result "0-1"]
[WhiteElo "2464"]
[BlackElo "2547"]

1.e4 e6 2.d4 d5 3.Nc3 Nf6 4.e5 Nfd7 5.f4 c5 6.Nf3 Nc6 7.Be3 Qb6 8.Na4 Qa5+
9.c3 cxd4 10.b4 Nxb4 11.cxb4 Bxb4+ 12.Bd2 Bxd2+ 13.Nxd2 O-O 14.Bd3 b5 15.Nb2 Nb6
16.a4 Qc3 17.Qc2 Nc4 18.Ra2 Ne3 19.Qb1 Nxg2+ 20.Kd1 b4 21.a5 Nxf4 22.Bxh7+ Kh8
23.Rf1 Qe3 24.Bd3 Qxe5 25.Kc2 Qc7+ 26.Kd1 e5 27.Qc2 Bg4+ 28.Kc1 Qd6 29.Kb1 Rac8
30.Qb3 Rc3  0-1

[Event "4th All China Games Rapid"]
[Site "Hefei CHN"]
[Date "2010.05.20"]
[Round "10"]
[White "Zhang Pengxiang"]
[Black "Lou Yiping"]
[Result "1/2-1/2"]
[WhiteElo "2603"]
[BlackElo "2433"]

1.e4 e6 2.d4 d5 3.Nc3 Nf6 4.e5 Nfd7 5.f4 c5 6.Nf3 Nc6 7.Be3 cxd4 8.Nxd4 Bc5
9.Qd2 O-O 10.O-O-O a6 11.Qf2 Qe7 12.Kb1 Nxd4 13.Bxd4 b5 14.Bd3 Bxd4 15.Qxd4 b4
16.Ne4 a5 17.Nd6 Ba6 18.f5 Bxd3 19.Rxd3 f6 20.fxe6 Qxe6 21.Qxd5 Qxd5 22.Rxd5 Nxe5
23.b3 Rfb8 24.Rhd1 Rb6 25.R1d4 Kf8 26.h3 h6 27.Kb2 Rc6 28.Nb7 Ra7 29.Rb5 a4
30.Rbxb4 a3+ 31.Kb1 Rc3 32.Nd6 g6 33.Nb5 Re3 34.Kc1 Re7 35.Re4 Rg3 36.Nxa3 Rxg2
37.Nc4 Nc6 38.Rxe7 Nxb4 39.Rb7 Rxc2+ 40.Kd1 Rxa2 41.Rxb4 Rh2 42.Rb6 Ke7 43.Ne3 Rxh3
44.Nd5+ Kd8 45.Nxf6 g5 46.Ke2 h5 47.Rb5 h4 48.Kf2 Kc7 49.b4 Rg3 50.Rc5+ Kb7
51.Ne4 Rb3 52.Rc4 Kb6 53.Nd6 Rd3 54.Nf7 Kb5 55.Rg4 h3 56.Nxg5 h2 57.Kg2 Rd2+
58.Kh1 Rb2 59.Nf3 Rxb4 60.Rg5+ Kc6 61.Kxh2 Kd6 62.Kg3 Ra4 63.Kf2 Re4 64.Ra5 Kc6
65.Ne5+ Kd6 66.Nf7+ Kc6 67.Kf3 Re1 68.Ne5+ Kd6 69.Nc4+ Ke6 70.Ne3 Rb1 71.Nc2 Rh1
72.Nd4+ Kd6 73.Nf5+ Kc6 74.Ke4 Re1+ 75.Ne3 Rh1 76.Ra6+ Kc5 77.Ra8 Rh4+ 78.Ke5 Rh5+
79.Nf5 Kc4 80.Ke4 Kc3 81.Rc8+ Kb4 82.Nd6 Rh4+ 83.Kd5 Rh5+ 84.Kd4 Rh4+ 85.Ne4 Kb5
86.Rc5+ Kb6 87.Re5 Kc6 88.Kc4 Rh6 89.Rg5 Kb6 90.Kd5 Rh1 91.Rg6+ Kb5 92.Nc3+ Kb4
93.Rc6 Rh5+ 94.Kd4 Rh4+ 95.Ne4 Kb5 96.Rf6 Rg4 97.Rh6 Rf4 98.Ke5 Rf1  1/2-1/2

[Event "BSG Pinkster GpA"]
[Site "Bossum NED"]
[Date "2010.05.23"]
[Round "5"]
[White "Ootes,La"]
[Black "Witt,Rob"]
[Result "0-1"]
[WhiteElo "2318"]
[BlackElo "2221"]

1.e4 e6 2.d4 d5 3.Nc3 Nf6 4.e5 Nfd7 5.f4 c5 6.Nf3 Nc6 7.Be3 Qb6 8.Na4 Qa5+
9.c3 cxd4 10.b4 Nxb4 11.cxb4 Bxb4+ 12.Bd2 Bxd2+ 13.Nxd2 O-O 14.Be2 d3 15.Bxd3 Qb4
16.Qc2 Qxf4 17.Bxh7+ Kh8 18.O-O-O Nxe5 19.Rhf1 Qd4 20.Nf3 Qf4+ 21.Kb1 Nc4
22.Rd4 Qxd4 23.Nxd4 Na3+ 24.Kb2 Nxc2 25.Bxc2 Bd7 26.Nc5 Bc6 27.Nxc6 bxc6
28.Nd7 Rfe8 29.Rxf7 e5 30.Kc3 Kg8 31.Rf5 e4 32.Ne5 Re6 33.Bb3 Rf8 34.Rg5 Rfe8
35.Kd4 e3 36.Bd1 c5+ 37.Kxd5 c4 38.Nxc4 e2 39.Bxe2 Rxe2 40.a4 Rd8+ 41.Kc5 Re4
42.Nd6 Rxa4 43.Nf5 g6 44.Rxg6+ Kf7 45.Rd6 Rxd6 46.Nxd6+ Ke6 47.Nc4 Ra2 48.Ne3 Ke5
49.h4 Ke4 50.Nc4 Rxg2 51.Kb5 Rg6 52.h5 Rh6 53.Na5 Kd5 54.Nc4 Rxh5 55.Na5 Rh6
56.Nc4 a6+ 57.Kb4 Rh4  0-1

[Event "34th Open"]
[Site "Fourmies FRA"]
[Date "2010.05.23"]
[Round "4"]
[White "Adrien,V"]
[Black "Amigues,E"]
[Result "0-1"]
[WhiteElo "1922"]
[BlackElo "2321"]

1.e4 e6 2.d4 d5 3.Nc3 Nf6 4.e5 Nfd7 5.f4 c5 6.Nf3 Nc6 7.Be3 Qb6 8.a3 cxd4
9.Nxd4 Bc5 10.Nce2 Qxb2 11.Bc1 Qb6 12.c3 O-O 13.Be3 a6 14.Rb1 Qc7 15.a4 Na5
16.Ng3 Ba7 17.Rc1 Nc4 18.Bf2 Nc5 19.Qg4 f5 20.exf6 Rxf6 21.Nh5 Rg6 22.Qf3 Ne4
23.Bd3 Ncd2 24.Qe2 Rxg2 25.Bxe4 Nxe4 26.Rg1 Rxf2 27.Qg4 Bxd4  0-1

[Event "2nd Kahraman Olgac Mem"]
[Site "Instanbul TUR"]
[Date "2010.05.26"]
[Round "6"]
[White "Strikovic,A"]
[Black "Firat,B"]
[Result "1/2-1/2"]
[WhiteElo "2557"]
[BlackElo "2403"]

1.e4 e6 2.d4 d5 3.Nc3 Nf6 4.e5 Nfd7 5.f4 c5 6.Nf3 Nc6 7.Be3 Be7 8.Qd2 O-O
9.g3 a6 10.Bg2 b5 11.O-O Bb7 12.a3 Rc8 13.dxc5 Bxc5 14.Bxc5 Nxc5 15.Rad1 Qb6
16.Nd4 Nxd4 17.Qxd4 Nd7 18.Rf2 Rc4 19.Qxb6 Nxb6 20.Na2 Rfc8 21.c3 Nd7 22.Nb4 Kf8
23.Nc2 Ke7 24.Nd4 g6 25.g4 g5 26.Re1 gxf4 27.Rxf4 Rg8 28.h4 h6 29.Kh2 Rg7
30.Kg3 Rc8 31.Kh3 Rcg8 32.Bf3 Nc5 33.Re3 Na4 34.Re2 Nc5 35.Re3 Na4 36.b3  1/2-1/2